Pays d'Asie en ... - Statistiques

Statistiques générales
  • Ce quiz a été pris 286 fois
  • Le résultat moyen est 17 sur 18
Statistiques - réponses
Hint Réponse % Correct
Pays d'Asie en C Cambodge | Chine | Chypre | Corée du Nord | Corée du Sud
100%
Pays d'Asie en A Afghanistan | Arabie Saoudite | Arménie | Azerbaïdjan
98%
Pays d'Asie en I Inde | Indonésie | Irak | Iran | Israël
97%
Pays d'Asie en J Japon | Jordanie
97%
Pays d'Asie en T Tadjikistan | Taïwan | Thaïlande | Timor oriental | Turkménistan | Turquie
97%
Pays d'Asie en B Bahreïn | Bangladesh | Bhoutan | Birmanie | Brunei
96%
Pays d'Asie en K Kazakhstan | Kirghizistan | Koweït
96%
Pays d'Asie en M Malaisie | Maldives | Mongolie
96%
Pays d'Asie en O Oman | Ouzbékistan
96%
Pays d'Asie en Y Yémen
96%
Pays d'Asie en P Pakistan | Philippines
95%
Pays d'Asie en L Liban | Laos
93%
Pays d'Asie en Q Qatar
93%
Pays d'Asie en S Singapour | Sri Lanka | Syrie
91%
Pays d'Asie en G Géorgie
87%
Pays d'Asie en N Népal
86%
Pays d'Asie en V Viêt Nam
85%
Pays d'Asie en E Émirats arabes unis
77%
Aucun quiz correspondant
Distribution des résultats
% des personnes avec chaque résultat
Percentile par nombre de réponses
Votre historique - résultats
Vous n’avez pas pris ce quiz